| 000 | 00714nam a2200217 i 4500 | ||
|---|---|---|---|
| 001 | 50724 | ||
| 003 | ES-MaACL | ||
| 005 | 20230906162228.0 | ||
| 007 | t| | ||
| 008 | 030806s1973 sp ||||1| spa d | ||
| 100 | 1 |
_aChalendar, Jacques de. _937813 |
|
| 245 | 1 | 3 |
_aLa planificación del tiempo / _cpor Jacques de Chalendar ; traducción, Blanca Toral García. |
| 260 |
_aMadrid : _bInstituto de Estudios de Administración Local, _c1973. |
||
| 300 |
_a194 p. ; _c22 cm. |
||
| 490 | 1 |
_aNuevo urbanismo ; _v7 |
|
| 700 | 1 |
_aToral García, Blanca. _9110610 |
|
| 830 | 0 |
_aNuevo urbanismo ; _v7 _9181984 |
|
| 852 |
_aES-MaACL _jC-51923 _bR.85427 |
||
| 852 |
_aES-MaACL _jL-172 _bR.100829 |
||
| 999 |
_c50724 _d50724 |
||